The last Mimzy (Record no. 576)

MARC details
000 -LEADER
fixed length control field 03468cgm a2200685Ia 4500
003 - CONTROL NUMBER IDENTIFIER
control field data
005 - DATE AND TIME OF LATEST TRANSACTION
control field 20260322212025.0
007 - PHYSICAL DESCRIPTION FIXED FIELD--GENERAL INFORMATION
fixed length control field data
008 - FIXED-LENGTH DATA ELEMENTS--GENERAL INFORMATION
fixed length control field data
020 ## - INTERNATIONAL STANDARD BOOK NUMBER
International Standard Book Number 0780657365
020 ## - INTERNATIONAL STANDARD BOOK NUMBER
International Standard Book Number 9780780657366
024 1# - OTHER STANDARD IDENTIFIER
Standard number or code 794043109164
024 1# - OTHER STANDARD IDENTIFIER
Standard number or code 794043109171
028 42 - PUBLISHER OR DISTRIBUTOR NUMBER
Publisher or distributor number N10916
Source New Line Home Entertainment
037 ## - SOURCE OF ACQUISITION
Source of stock number/acquisition Midwest Tape
Note http://www.midwesttapes.com
040 ## - CATALOGING SOURCE
Original cataloging agency TEFMT
Transcribing agency TEFMT
Modifying agency IA4
-- RCS
-- BTCTA
-- JED
-- OMP
-- ZP7
-- IA4
050 14 - LIBRARY OF CONGRESS CALL NUMBER
Classification number PN1995.9.S26
Item number L378 2007
082 04 - DEWEY DECIMAL CLASSIFICATION NUMBER
Classification number 791.43/72
Edition information 22
090 ## - LOCALLY ASSIGNED LC-TYPE CALL NUMBER (OCLC); LOCAL CALL NUMBER (RLIN)
Classification number (OCLC) (R) ; Classification number, CALL (RLIN) (NR) DVD 876
001 - CONTROL NUMBER
control field data
245 14 - TITLE STATEMENT
Title The last Mimzy
Medium [videorecording] /
Statement of responsibility, etc. Michael Phillips ... [et al.].
250 ## - EDITION STATEMENT
Edition statement Widescreen ed.
260 ## - PUBLICATION, DISTRIBUTION, ETC.
Place of publication, distribution, etc. [United States] :
Name of publisher, distributor, etc. New Line Home Entertainment,
Date of publication, distribution, etc. c2007.
300 ## - PHYSICAL DESCRIPTION
Extent 1 videodisc (ca. 97 min.) :
Other physical details sd., col. ;
Dimensions 4 3/4 in.
440 #0 - SERIES STATEMENT/ADDED ENTRY--TITLE
Title Infinifilm.
500 ## - GENERAL NOTE
General note Based on the short story "Mimsy were the borogoves" written by Lewis Padgett.
500 ## - GENERAL NOTE
General note Special features: All access pass features: "The last Mimzy: adapting the story;" "Bob Shaye: director profile;" "Casting the kids;" "Concept art montage;" "Real is good: the visual effects;" "Editing & music;" deleted scenes with introduction by director Bob Shaye; audio commentary by director Bob Shaye (feture & deleted scenes) "Hello (I love you) music video by Roger Waters; Mimzy theatrical trailer; sneak peeks; Beyond the movie: "The Mandala: an imaginary palace;" "The looking glass: Emma and Alice;" "Sound waves: listening to the universe;" "DNA: the human blueprint;" "Nanotechnology: the human revolution;" "Wormholes: fantasy or science."
508 ## - CREATION/PRODUCTION CREDITS NOTE
Creation/production credits note Director of photography, J. Michael Muro ; editor, Alan Heim ; music, Howard Shore ; production designer, Barry Chusid ; visual effects producer, Mark G. Soper ; art director, Ross Dempster ; costume designer, Karen Matthews.
511 1# - PARTICIPANT OR PERFORMER NOTE
Participant or performer note Chris O'Neil, Rhiannon Leigh Wryn, Joely Richardson, Timothy Hutton, Rainn Wilson, Kathryn Hahn, Michael Clarke Duncan.
520 ## - SUMMARY, ETC.
Summary, etc. When Emma and Noah find a mysterious box of toys on the beach, strange things start happening. The kids develop special powers and with their parents and teachers, they realize that their mission is far more important than they had ever dreamed.
521 8# - TARGET AUDIENCE NOTE
Target audience note MPAA rating: PG; some thematic elements, mild peril and language.
538 ## - SYSTEM DETAILS NOTE
System details note DVD, region 1, widescreen (2.35:1) presentation; Dolby Digital 5.1 surround, Dolby Digital 2.0 stereo., surround.
546 ## - LANGUAGE NOTE
Language note Closed-captioned.
650 #0 - SUBJECT ADDED ENTRY--TOPICAL TERM
Topical term or geographic name entry element Toys
Form subdivision Drama.
650 #0 - SUBJECT ADDED ENTRY--TOPICAL TERM
Topical term or geographic name entry element Brothers and sisters
Form subdivision Drama.
650 #0 - SUBJECT ADDED ENTRY--TOPICAL TERM
Topical term or geographic name entry element Teleportation
Form subdivision Drama.
650 #0 - SUBJECT ADDED ENTRY--TOPICAL TERM
Topical term or geographic name entry element Time travel
Form subdivision Drama.
655 #0 - INDEX TERM--GENRE/FORM
Genre/form data or focus term Feature films.
655 #0 - INDEX TERM--GENRE/FORM
Genre/form data or focus term Science fiction films.
655 #0 - INDEX TERM--GENRE/FORM
Genre/form data or focus term Fantasy films.
655 #0 - INDEX TERM--GENRE/FORM
Genre/form data or focus term Video recordings for the hearing impaired.
700 1# - ADDED ENTRY--PERSONAL NAME
Personal name Phillips, Michael,
Dates associated with a name 1943-
700 1# - ADDED ENTRY--PERSONAL NAME
Personal name Hart, James V.
700 1# - ADDED ENTRY--PERSONAL NAME
Personal name Skilken, Carol.
700 1# - ADDED ENTRY--PERSONAL NAME
Personal name Rubin, Bruce Joel.
700 1# - ADDED ENTRY--PERSONAL NAME
Personal name Emmerich, Toby.
700 1# - ADDED ENTRY--PERSONAL NAME
Personal name Shaye, Robert.
700 1# - ADDED ENTRY--PERSONAL NAME
Personal name O'Neil, Chris.
700 1# - ADDED ENTRY--PERSONAL NAME
Personal name Wryn, Rhiannon Leigh.
700 1# - ADDED ENTRY--PERSONAL NAME
Personal name Richardson, Joely.
700 1# - ADDED ENTRY--PERSONAL NAME
Personal name Hutton, Timothy,
Dates associated with a name 1960-
700 1# - ADDED ENTRY--PERSONAL NAME
Personal name Wilson, Rainn,
Dates associated with a name 1968-
700 1# - ADDED ENTRY--PERSONAL NAME
Personal name Hahn, Kathryn,
Dates associated with a name 1974-
700 1# - ADDED ENTRY--PERSONAL NAME
Personal name Duncan, Michael Clarke.
700 1# - ADDED ENTRY--PERSONAL NAME
Personal name Shore, Howard.
700 1# - ADDED ENTRY--PERSONAL NAME
Personal name Padgett, Lewis.
Title of a work Mimsy were the borogoves.
710 2# - ADDED ENTRY--CORPORATE NAME
Corporate name or jurisdiction name as entry element New Line Cinema Corporation.
710 2# - ADDED ENTRY--CORPORATE NAME
Corporate name or jurisdiction name as entry element Michael Phillips Productions.
710 2# - ADDED ENTRY--CORPORATE NAME
Corporate name or jurisdiction name as entry element New Line Home Entertainment (Firm)
Holdings
Withdrawn status Lost status Damaged status Not for loan Home library Current library Shelving location Date acquired Total checkouts Full call number Barcode Date last seen Price effective from Koha item type
        Franklin Franklin General stacks 22/03/2026   791.43/72 22 BC0010591 22/03/2026 22/03/2026 Books